000 00760cam a2200241 a 4500
001 000011190
005 20250722101745.0
008 690714s1969 nyua b 001 0 eng
040 _aDO-SdBNP
_beng
_cLC
_dBNPHU
050 0 0 _aRC566
_b.J63
082 _a613.83
_bJ76d
100 1 _aJones, Kenneth Lamar,
_d1931-
_926743
245 1 0 _aDrugs and alcohol /
_cKenneth L. Jones, Louis W. Shainberg, Curtis O. Byer.
260 _aNew York :
_bHarper & Row,
_c1969.
300 _aviii, 132 p. :
_bil. ;
_c24 cm.
504 _aBibliografía: p. 119-121.
650 0 _aAbuso de drogas
_926744
650 4 _aAlcoholismo
_926745
700 1 _aShainberg, Louis W.
_926746
700 1 _aByer, Curtis O.
_926747
910 _aCatalogación por copia / LC
049 _aBNGR
999 _c10911
_d10911